| 000 | 01025nam a22002657a 4500 | ||
|---|---|---|---|
| 003 | OSt | ||
| 005 | 20250623111227.0 | ||
| 008 | 250623b |||||||| |||| 00| 0 eng d | ||
| 020 | _a9780323498289 (paperback) | ||
| 040 |
_aNUST _beng _cNUST _dNUST _erda |
||
| 050 | _aRT55 LAC | ||
| 100 | _aLaCharity, Linda A | ||
| 245 |
_aPrioritization, delegation and assignment : _bPractice exercise for the NCLEX examination / _cLinda A. LaCharity, Barbara Bartz, candice K. Kumagai with an introduction by Ruth hansten. |
||
| 250 | _aFourth edition. | ||
| 260 |
_aSt louis. Missouri : _bElsevier _c©2019. |
||
| 300 |
_aviii, 346 pages : _bIllusrations ; _c29 cm. |
||
| 336 |
_2rdamedia _atext _btxt |
||
| 337 |
_2rdamedia _aunmediated _bn |
||
| 338 |
_2rdamedia _avolume _bnc |
||
| 650 | _vNursing Care-organization and adminstration. | ||
| 700 |
_aBartz, Barbara _eAuthor |
||
| 700 |
_aKumagai, Candice K _eAuthor |
||
| 700 |
_aHansten, Ruth _eIntroducer |
||
| 942 |
_2lcc _cBOOKS _eFourth edition. _hRT55 LAC _kR _mLAC _n0 |
||
| 999 |
_c172071 _d172071 |
||